书目信息 |
| 题名: |
一级注册结构工程师专业考试历年试题·疑问解答·专题聚焦
|
|
| 作者: | 张庆芳 , 杨开 主编 | |
| 分册: | 上册 | |
| 出版信息: | 北京 中国建筑工业出版社 2022.03 |
|
| 页数: | 654页 | |
| 开本: | 26cm | |
| 丛书名: | 职业资格考试丛书 | |
| 单 册: | ||
| 中图分类: | TU3 | |
| 科图分类: | ||
| 主题词: | 建筑结构--jian zhu jie gou--资格考试--自学参考资料 | |
| 电子资源: | ||
| ISBN: | 978-7-112-27099-6 | |
| 000 | 01303nam 2200301 450 | |
| 001 | 29397 | |
| 005 | 20221017154615.63 | |
| 010 | @a978-7-112-27099-6@dCNY118.00 | |
| 100 | @a20220324d2022 em y0chiy50 ea | |
| 101 | 0 | @achi |
| 102 | @aCN@b110000 | |
| 105 | @aak a 000yy | |
| 200 | 1 | @a一级注册结构工程师专业考试历年试题·疑问解答·专题聚焦@Ayi ji zhu ce jie gou gong cheng shi zhuan ye kao shi li nian shi ti · yi wen jie da · zhuan ti ju jiao@h上册@f张庆芳, 杨开主编 |
| 205 | @a第12版 | |
| 210 | @a北京@c中国建筑工业出版社@d2022.03 | |
| 215 | @a654页@c图@d26cm | |
| 225 | 2 | @a职业资格考试丛书@Azhi ye zi ge kao shi cong shu@e2022 |
| 320 | @a有书目 (第1354-1356页) | |
| 330 | @a本书分为历年试题、疑问解答、专题聚焦三部分, 历年试题来源于2009-2021年的一级注册结构工程师专业考试试题, 除每道题目均给出详细解答过程, 某些相关知识点还予以点评, 使能够举一反三、触类旁通 ; 疑问解答中的问题来源于网友的提问或者作者的学习心得, 有的放矢。 | |
| 410 | 0 | @12001 @a职业资格考试丛书 (2022) |
| 606 | 0 | @a建筑结构@Ajian zhu jie gou@x资格考试@j自学参考资料 |
| 690 | @aTU3@v5 | |
| 701 | 0 | @a张庆芳@Azhang qing fang@4主编 |
| 701 | 0 | @a杨开@Ayang kai@4主编 |
| 801 | 0 | @aCN@c20220910 |
| 804 | @a上册, 11, 654 ; 下册, 657-1356 | |
| 905 | @a河南城建学院图书馆@dTU3@eZ150=12:1@f1 | |
| 962 | @a7382133 | |
| 一级注册结构工程师专业考试历年试题·疑问解答·专题聚焦.上册/张庆芳, 杨开主编.-第12版.-北京:中国建筑工业出版社,2022.03 |
| 654页:图;26cm.-(职业资格考试丛书:2022) |
| ISBN 978-7-112-27099-6:CNY118.00 |
| 本书分为历年试题、疑问解答、专题聚焦三部分, 历年试题来源于2009-2021年的一级注册结构工程师专业考试试题, 除每道题目均给出详细解答过程, 某些相关知识点还予以点评, 使能够举一反三、触类旁通 ; 疑问解答中的问题来源于网友的提问或者作者的学习心得, 有的放矢。 |
| ● |
| 相关链接 |
|
|
|
正题名:一级注册结构工程师专业考试历年试题·疑问
索取号:TU3/Z150=12:1
 
预约/预借
| 序号 | 登录号 | 条形码 | 馆藏地/架位号 | 状态 | 备注 |
| 1 | 1582954 | 215829548 | 建筑库101/101建筑库 75排2列2层/ [索取号:TU3/Z150=12:1] | 在馆 |